Air Traffic Control Revitalization Act of 1981 : hearings before the Committee on Post Office and Civil Service, House of Representatives, Ninety-seventh Congress, first and second session, on H.R. 5038 ... December 2, 9, 11, 1981, February 23, March 3, 19, 1982.

Bibliographic Details
Corporate Authors: United States. Congress. House. Committee on Post Office and Civil Service, ProQuest (Firm)
Format: Government Document eBook
Language:English
Published: Washington : U.S. G.P.O., 1982.
Series:U.S. Congressional Hearings.
Subjects:
Online Access:Connect to the full text of this electronic book

MARC

Tag First Indicator Second Indicator Subfields
LEADER 00000cam a22000001a 4500
001 in00003264313
006 m d f
007 cr bn mmmapmmp
008 100322s1982 dcua ob f000 0 eng d
005 20260511200042.8
035 |a cis2007495080 
040 |a UMI  |c UMI  |d UtOrBLW 
043 |a n-us--- 
074 |a 1022-B, 1022-C (microfiche) 
086 0 |a Y 4.P 84/10:97-35 
088 |a Serial No. 97-35 (United States. Congress. House. Committee on Post Office and Civil Service) 
099 |a HRG-1981-POH-0023 
110 1 |a United States.  |b Congress.  |b House.  |b Committee on Post Office and Civil Service. 
245 1 0 |a Air Traffic Control Revitalization Act of 1981 :  |b hearings before the Committee on Post Office and Civil Service, House of Representatives, Ninety-seventh Congress, first and second session, on H.R. 5038 ... December 2, 9, 11, 1981, February 23, March 3, 19, 1982. 
264 1 |a Washington :  |b U.S. G.P.O.,  |c 1982. 
300 |a 1 online resource. 
336 |a text  |b txt  |2 rdacontent 
337 |a computer  |b c  |2 rdamedia 
338 |a online resource  |b cr  |2 rdacarrier 
500 |a Record is based on bibliographic data in ProQuest Congressional Hearings Digital Collection. Reuse except for individual research requires license from ProQuest, LLC. 
504 |a Bibliography: page 472. 
538 |a System requirements: PDF reader software. 
500 |a Electronic resource. 
650 0 |a Air traffic rules  |z United States. 
650 0 |a Airlines  |x Employees  |x Salaries, etc.  |z United States. 
655 7 |a Electronic books.  |2 local 
710 2 |a ProQuest (Firm) 
776 0 8 |i Print version:   |a United States. Congress. House. Committee on Post Office and Civil Service.  |t Air Traffic Control Revitalization Act of 1981  |w (DLC)82602249  |w (OCoLC)08576515  |w gp 82022451 
776 0 8 |i Microfiche version:   |a United States. Congress. House. Committee on Post Office and Civil Service.  |t Air Traffic Control Revitalization Act of 1981.  |d [Bethesda, Md.] : ProQuest,[2004]  |o CIS 82 H621-14  |w (ProQuest)cis08201115 
830 0 |a U.S. Congressional Hearings. 
856 4 0 |u http://proxy.library.tamu.edu/login?url=https://congressional.proquest.com/congcomp/getdoc?HEARING-ID=HRG-1981-POH-0023  |z Connect to the full text of this electronic book  |t 0 
998 |a cis08201115 
999 |a MARS 
999 f f |s 0ab5ec95-5a62-3614-9fc6-8d74f835e125  |i 89c85148-4233-3a48-b49c-5f87797900d9  |t 0 
952 f f |a Texas A&M University  |b College Station  |c Electronic Resources  |s www_evans  |d Available Online  |t 0  |e HRG-1981-POH-0023  |h Other scheme 
998 f f |a HRG-1981-POH-0023  |t 0  |l Available Online